<?xml version="1.0" encoding="UTF-8"?><?xml-stylesheet type="text/xsl" href="static/style.xsl"?><OAI-PMH xmlns="http://www.openarchives.org/OAI/2.0/" xmlns:xsi="http://www.w3.org/2001/XMLSchema-instance" xsi:schemaLocation="http://www.openarchives.org/OAI/2.0/ http://www.openarchives.org/OAI/2.0/OAI-PMH.xsd"><responseDate>2026-04-17T07:33:53Z</responseDate><request verb="GetRecord" identifier="oai:www.recercat.cat:2072/463850" metadataPrefix="marc">https://recercat.cat/oai/request</request><GetRecord><record><header><identifier>oai:recercat.cat:2072/463850</identifier><datestamp>2025-10-27T10:00:27Z</datestamp><setSpec>com_2072_98</setSpec><setSpec>col_2072_378192</setSpec></header><metadata><record xmlns="http://www.loc.gov/MARC21/slim" xmlns:dcterms="http://purl.org/dc/terms/" xmlns:xsi="http://www.w3.org/2001/XMLSchema-instance" xmlns:doc="http://www.lyncode.com/xoai" xsi:schemaLocation="http://www.loc.gov/MARC21/slim http://www.loc.gov/standards/marcxml/schema/MARC21slim.xsd">
   <leader>00925njm 22002777a 4500</leader>
   <datafield ind2=" " ind1=" " tag="042">
      <subfield code="a">dc</subfield>
   </datafield>
   <datafield ind2=" " ind1=" " tag="720">
      <subfield code="a">Recio-Pineda, Sara</subfield>
      <subfield code="e">author</subfield>
   </datafield>
   <datafield ind2=" " ind1=" " tag="260">
      <subfield code="c">2022</subfield>
   </datafield>
   <datafield ind2=" " ind1=" " tag="520">
      <subfield code="a">Este artículo permite asistir al funcionamiento y concreción de las estrategias que 72 lectores jóvenes utilizaron para construir la comprensión de un relato adecuado a su edad que acababan de leer en voz alta. Los informantes contestaron a ocho preguntas abiertas sobre el relato en una entrevista oral. Se transcribieron sus respuestas y se identificaron declaraciones que eran incoherentes con el texto, lo que se llamó: ruidos en la comprensión. Un análisis de este fenómeno permitió identificar cuáles eran los vacíos de comprensión de los informantes y con qué estrategias intentaron llenarlos. Se concluye que hay cinco categorías distintas de ruido y que estos son manifestaciones fallidas de estrategias lectoras muy concretas (inventar, asociar, proyectar…) que están en la base cultural de cualquier lectura competente. Para finalizar, se establece una discusión sobre las repercusiones docentes y didácticas de los resultados.</subfield>
   </datafield>
   <datafield ind2=" " ind1=" " tag="520">
      <subfield code="a">Aquest article permet assistir al funcionament i concreció de les estratègies que utilitzen 72 lectors joves per construir la comprensió d'un relat adequat a la seva edat que acaben de llegir en veu alta. Els informants van contestar a vuit preguntes obertes sobre el relat en una entrevista oral. Es van transcriure les seves respostes i es van identificar declaracions que eren incoherents amb el que explicava el text, les quals van anomenar-se: sorolls en la comprensió. Una anàlisi d'aquest fenomen va permetre identificar quins eren els buits de comprensió dels informants i quines estratègies van usar per omplir-los. Es conclou que hi ha cinc categories diferents de soroll i que aquests són manifestacions fallides d'estratègies lectores molt concretes (inventar, associar, projectar ...) que apareixen en qualsevol lectura competent. S'estableix una discussió sobre les repercussions docents i didàctiques dels resultats.</subfield>
   </datafield>
   <datafield ind2=" " ind1=" " tag="520">
      <subfield code="a">Throughout this article, we will see how reading strategies work and are set in specific manifestations. 72 students were asked to read a text and to answer to eight open comprehension questions in an oral interview. All their statements were transcribed and we found out that some of them contained inconsistencies and conflicting data with the text cues (we called that understanding noises). By analyzing this phenomenon, we could identify which were the informants' comprehension gaps and what strategies they used to fill them. The findings are twofold: there are five different categories of understanding noise and noises are unsuccessful manifestations of reading strategies (such as inventing, associating or projecting your experiences onto the characters of the story…) that are at the cultural base of any competent reading. Finally, a discussion is established on the educational implications of these findings.</subfield>
   </datafield>
   <datafield ind2=" " ind1=" " tag="520">
      <subfield code="a">Cet article permet de comprendre comment les stratégies de lecture fonctionnent et se matérialisent. 72 jeunes lecteurs ont été invités à lire à voix haut un texte adapté à leur âge et à répondre à huit questions ouvertes de compréhension lors d'un entretien oral. Leurs réponses ont été transcrites et des déclarations qui contenaient des incohérences avec les indices textuels (ce que nous avons appelé cela des bruits de compréhension) ont été identifiés. L'analyse de ce phénomène a permis d'identifier les lacunes de compréhension des informateurs et les stratégies qu'ils ont utilisées pour les combler. On en conclut qu'il existe cinq catégories différentes de bruit et que les bruits de compréhension sont des manifestations infructueuses de stratégies de lecture très spécifiques (comme inventer, associer, projeter...) qui sont à la base culturelle de toute lecture compétente. Une discussion s'instaure sur les implications pédagogiques et didactiques des résultats.</subfield>
   </datafield>
   <datafield tag="653" ind2=" " ind1=" ">
      <subfield code="a">Estrategias de lectura</subfield>
   </datafield>
   <datafield tag="653" ind2=" " ind1=" ">
      <subfield code="a">Ruidos en la comprensión</subfield>
   </datafield>
   <datafield tag="653" ind2=" " ind1=" ">
      <subfield code="a">Análisis del discurso</subfield>
   </datafield>
   <datafield tag="653" ind2=" " ind1=" ">
      <subfield code="a">Educación primaria</subfield>
   </datafield>
   <datafield tag="653" ind2=" " ind1=" ">
      <subfield code="a">Estratègies de lectura</subfield>
   </datafield>
   <datafield tag="653" ind2=" " ind1=" ">
      <subfield code="a">Sorolls en la comprensió</subfield>
   </datafield>
   <datafield tag="653" ind2=" " ind1=" ">
      <subfield code="a">Anàlisi del discurs</subfield>
   </datafield>
   <datafield tag="653" ind2=" " ind1=" ">
      <subfield code="a">Educació primària</subfield>
   </datafield>
   <datafield tag="653" ind2=" " ind1=" ">
      <subfield code="a">Reading strategies</subfield>
   </datafield>
   <datafield tag="653" ind2=" " ind1=" ">
      <subfield code="a">Understanding noises</subfield>
   </datafield>
   <datafield tag="653" ind2=" " ind1=" ">
      <subfield code="a">Discourse analysis</subfield>
   </datafield>
   <datafield tag="653" ind2=" " ind1=" ">
      <subfield code="a">Primary school</subfield>
   </datafield>
   <datafield tag="653" ind2=" " ind1=" ">
      <subfield code="a">Stratégies de lecture</subfield>
   </datafield>
   <datafield tag="653" ind2=" " ind1=" ">
      <subfield code="a">Bruits dans la compréhension</subfield>
   </datafield>
   <datafield tag="653" ind2=" " ind1=" ">
      <subfield code="a">Analyse du discours</subfield>
   </datafield>
   <datafield tag="653" ind2=" " ind1=" ">
      <subfield code="a">Enseignement primaire</subfield>
   </datafield>
   <datafield ind2="0" ind1="0" tag="245">
      <subfield code="a">Estrategias de lectura y ruidos en la comprensión</subfield>
   </datafield>
</record></metadata></record></GetRecord></OAI-PMH>